Ecuaciones fundamentales de la fluidodinm̀ica computacional. ♭ UPV

שמור ב:
מידע ביבליוגרפי
מחברים אחרים: Canal Universitat Polit©·cnica de Val©·ncia - UPV / YouTube
פורמט: ספר
שפה:ספרדית
נושאים:
גישה מקוונת:Ecuaciones fundamentales de la fluidodinm̀ica computacional. ♭ UPV
תגים: הוספת תג
אין תגיות, היה/י הראשונ/ה לתייג את הרשומה!

MARC

LEADER 00000nam a22000004a 4500
001 vpro9128
005 20201223000000.0
008 151018s2015 ck # g## #001 0#spa#d
020
022
040 |a CO-BoINGC 
041 0 |a spa 
245 1 0 |a Ecuaciones fundamentales de la fluidodinm̀ica computacional. ♭ UPV 
246 |a Fundamental Equations of Computational Fluid Dynamics for Engineers. ♭ UPV 
264 |a Bogot ̀(Colombia) :  |b Revista VirtualPRO,  |c 2015 
520 3
650 \ \ |a Mecǹica de fluidos 
650 \ \ |a Dinm̀ica de fluidos 
650 \ \ |a Fluid mechanics 
650 \ \ |a Fluid dynamics 
650 \ \ |a mecǹica de fluidos 
650 \ \ |a dinm̀ica de fluidos computacional 
650 \ \ |a CFD 
650 \ \ |a simulacin̤ 
650 \ \ |a modelado 
650 \ \ |a fluid mechanics 
650 \ \ |a computational fluid dynamics 
650 \ \ |a CFD 
650 \ \ |a simulation 
650 \ \ |a modelling  
700 \ \ |a Canal Universitat Polit©·cnica de Val©·ncia - UPV / YouTube 
856 |z Ecuaciones fundamentales de la fluidodinm̀ica computacional. ♭ UPV  |u https://virtualpro.unach.elogim.com/biblioteca/ecuaciones-fundamentales-de-la-fluidodinamica-computacional-upv